О проблемах и опыте аттестации педагогических кадров; Совершенствование системы управления качеством аттестации педагогических работников и руководителей образовательных учреждений в субъектах Российской Федерации

Бібліографічні деталі
Parent link:Совершенствование системы управления качеством аттестации педагогических работников и руководителей образовательных учреждений в субъектах Российской Федерации.— 2013.— [С. 42-43]
Автор: Карташова А. А. Анна Александровна
Співавтор: Национальный исследовательский Томский политехнический университет (ТПУ) Институт социально-гуманитарных технологий (ИСГТ) Кафедра социологии, психологии и права (СОЦ)
Резюме:Заглавие с титульного экрана
Мова:Російська
Опубліковано: 2013
Предмети:
Онлайн доступ:http://www.lib.tpu.ru/fulltext/c/2013/C48/001.pdf
Формат: Електронний ресурс Частина з книги
KOHA link:https://koha.lib.tpu.ru/cgi-bin/koha/opac-detail.pl?biblionumber=610101

MARC

LEADER 00000naa2a2200000 4500
001 610101
005 20260331164002.0
035 |a (RuTPU)RU\TPU\conf\7686 
090 |a 610101 
100 |a 20141226d2013 k y0rusy50 ca 
101 0 |a rus 
102 |a RU 
135 |a drnn ---uucaa 
181 0 |a i  
182 0 |a b 
200 1 |a О проблемах и опыте аттестации педагогических кадров  |f А. А. Карташова 
203 |a Текст  |c электронный 
300 |a Заглавие с титульного экрана 
320 |a [Библиогр.: с. 43 (3 назв.)] 
337 |a Adobe Reader 
463 0 |0 (RuTPU)RU\TPU\conf\2841  |t Совершенствование системы управления качеством аттестации педагогических работников и руководителей образовательных учреждений в субъектах Российской Федерации  |o сборник трудов I Всероссийской конференции, г. Москва, 21-22 октября 2013 г.  |f Национальный исследовательский Томский политехнический университет (ТПУ)  |v [С. 42-43]  |d 2013 
610 1 |a труды учёных ТПУ 
610 1 |a электронный ресурс 
610 1 |a педагогика 
610 1 |a педагогические кадры 
610 1 |a аттестация 
610 1 |a квалификация 
610 1 |a оценка 
700 1 |a Карташова  |b А. А.  |c специалист в области социологии, психологии и права  |c ассистент Томского политехнического университета  |f 1988-  |g Анна Александровна  |3 (RuTPU)RU\TPU\pers\31064 
712 0 2 |a Национальный исследовательский Томский политехнический университет (ТПУ)  |b Институт социально-гуманитарных технологий (ИСГТ)  |b Кафедра социологии, психологии и права (СОЦ)  |3 (RuTPU)RU\TPU\col\18373 
801 2 |a RU  |b 63413507  |c 20141226  |g RCR 
856 4 |u http://www.lib.tpu.ru/fulltext/c/2013/C48/001.pdf 
942 |c BK